| 000 | 00577nam a2200217Ia 4500 | ||
|---|---|---|---|
| 003 | OSt | ||
| 005 | 20220927104707.0 | ||
| 006 | a|||||r|||| 00| 0 | ||
| 007 | ta | ||
| 008 | 220926b |||||||| |||| 00| 0 eng d | ||
| 024 | _a144280 | ||
| 037 | _cReference Collections | ||
| 040 |
_aRTL _cRTL _beng |
||
| 041 |
_2eng _aeng |
||
| 082 | _a"N1,L68, M0/RR" | ||
| 245 | 0 | _aBritannica Book OF the Year | |
| 260 |
_aChicago _bEncyclopedia Britannica _c1980 |
||
| 300 |
_a766p _ccm. |
||
| 942 |
_h"N1,L68, M0/RR" _cCC |
||
| 999 |
_c688292 _d688292 |
||